Histoire du règne de Louis-Philippe I per, roi des français, 1830-1848 / (Record no. 160787)

MARC details
000 -LEADER
campo de control de longitud fija 00860nam a22002175i 4500
001 - NÚMERO DE CONTROL
campo de control 160787
003 - IDENTIFICADOR DE NÚMERO DE CONTROL
campo de control ES-MaACL
005 - FECHA Y HORA DE LA ÚLTIMA TRANSACCIÓN
campo de control 20250702194123.0
008 - DATOS DE LONGITUD FIJA--INFORMACIÓN GENERAL
campo de control de longitud fija 041015m18571861fr |||| | fre d
040 ## - FUENTE DE CATALOGACIÓN
Centro catalogador/agencia de origen CAM
Lengua de catalogación spa
Centro/agencia transcriptor CAM
100 1# - ENTRADA PRINCIPAL--NOMBRE DE PERSONA
Nombre de persona Nouvion, Victor de.
9 (RLIN) 130534
245 10 - MENCIÓN DEL TÍTULO
Título Histoire du règne de Louis-Philippe I per, roi des français, 1830-1848 /
Mención de responsabilidad, etc. par Victor de Nouvion.
260 ## - PUBLICACIÓN, DISTRIBUCIÓN, ETC.
Lugar de publicación, distribución, etc. Paris :
Nombre del editor, distribuidor, etc. Didier et c\pie\s libraires-éditeurs,
Fecha de publicación, distribución, etc. 1857-1861 (
Fabricante Imprimé chez Bonaventure et Ducessois)
300 ## - DESCRIPCIÓN FÍSICA
Extensión 4 v. ;
Dimensiones 22 cm.
597 ## - NOTA DE DESCRIPCIÓN FÍSICA
NOTA DE DESCRIPCIÓN FÍSICA T.I (VIII, 528 p.) - T.II (598 p.) - T.III (634 p.) - T.IV (398 [i.e. 598] p.)
600 04 - PUNTO DE ACCESO ADICIONAL DE MATERIA--NOMBRE DE PERSONA
Nombre de persona Luis Felipe
Numeración I
Títulos y otros términos asociados al nombre Rey de Francia.
9 (RLIN) 74690
651 #4 - PUNTO DE ACCESO ADICIONAL DE MATERIA--NOMBRE GEOGRÁFICO
Nombre geográfico Francia-
Subdivisión general Historia-
Subdivisión cronológica 1830-1848, Luis Felipe
9 (RLIN) 8696
852 ## - LOCALIZACIÓN
Ubicación ES-MaACL
Número de control de estantería G-2909-2912
Nota libre -- Enc. hol.
942 ## - ELEMENTOS DE ENTRADA SECUNDARIOS (KOHA)
Fuente del sistema de clasificación o colocación Clasificación decimal universal
Holdings
Estatus retirado Estado de pérdida Estado de daño No para préstamo Colección Biblioteca de origen Biblioteca actual Ubicación en estantería Fecha de adquisición Fuente de adquisición Total de préstamos Signatura topográfica completa Código de barras Visto por última vez Precio de reemplazo Tipo de ítem Koha
        Libros del s. XIX Biblioteca del Ateneo de Madrid Biblioteca del Ateneo de Madrid Depósito 2 17/01/2008     G-2909-2912 1168376 23/02/2023 23/02/2023 Libro impreso antiguo